000 00347nam a2200157Ia 4500
003 0STCL
008 150530s9999 xx 000 0 und d
040 _aSTCL
_cSTCL
100 _aWodehouse, P.G.
245 _aMeet Mr Mulliner
260 _bPenguin
_c1984
546 _aEnglish
942 _2ddc
_cBK
999 _c58140
_d58140
005 20220125171041.0